[Event "BEL-chT 1011"]
[Site "Belgium"]
[Date "2011.02.27"]
[Round "9.8"]
[White "Schut, Donna"]
[Black "Erwich, Frank"]
[Result "0-1"]
[WhiteElo "2101"]
[BlackElo "2333"]
[PlyCount "60"]
[EventDate "2010.09.26"]
[EventType "team-tourn"]
[EventRounds "11"]
[EventCountry "BEL"]
[SourceTitle "EXT 2012"]
[Source "ChessBase"]
[SourceDate "2011.11.24"]
[SourceVersion "1"]
[SourceVersionDate "2011.11.24"]
[SourceQuality "1"]
[WhiteTeam "Amay"]
[BlackTeam "Ans"]
[WhiteTeamCountry "BEL"]
[BlackTeamCountry "BEL"]

1. e4 e5 2. Nf3 Nc6 3. Bb5 Nge7 4. d3 g6 5. Bg5 Bg7 6. Qd2 h6 7. Be3 f5 8. exf5 gxf5 9. Qe2 0-0 10. Nc3 f4 11. Bd2 d5 12. h3 Nd4 13. Qd1 Nxb5 14. Nxb5 e4 15. dxe4 dxe4 16. Nh2 c6 17. Nc3 e3 18. fxe3 Nf5 19. 0-0 fxe3 20. Bc1 Qb6 21. Qe2 Be6 22. Re1 Ng3 23. Qd3 Rad8 24. Bxe3 Rxd3 25. Bxb6 axb6 26. Nf3 Rd6 27. Kh2 Bxc3 28. bxc3 Nh5 29. Nd4 Bd5 30. Re5 Rf2 0-1

[Event "Paleochora op 3rd"]
[Site "Paleochora"]
[Date "2010.07.27"]
[Round "7"]
[White "Schut, Donna"]
[Black "Llaneza Vega, Patricia"]
[Result "1-0"]
[WhiteElo "2080"]
[BlackElo "2289"]
[PlyCount "55"]
[EventDate "2010.07.22"]
[EventType "swiss"]
[EventRounds "9"]
[EventCountry "GRE"]
[SourceTitle "CBM 137 Extra"]
[Source "ChessBase"]
[SourceDate "2010.09.01"]
[SourceVersion "1"]
[SourceVersionDate "2010.09.01"]
[SourceQuality "1"]

1. e4 c5 2. Nf3 Nc6 3. d4 cxd4 4. Nxd4 Nf6 5. Nc3 e6 6. Bg5 Qa5 7. Bxf6 gxf6 8. Nb3 Qc7 9. Qd2 a6 10. 0-0-0 b5 11. f4 d6 12. Kb1 b4 13. Ne2 Be7 14. Nbd4 Bd7 15. Rc1 Qb7 16. Ng3 Nxd4 17. Qxd4 Bc6 18. Bc4 Rd8 19. Rhe1 d5 20. exd5 Bxd5 21. Bxd5 Qxd5 22. Qxd5 Rxd5 23. f5 Rd2 24. fxe6 Rxg2 25. Nf5 Bc5 26. e7 Rhg8 27. Rcd1 Bg1 28. Rd8# 1-0

[Event "Rethymno op 2nd"]
[Site "Rethymno"]
[Date "2010.07.16"]
[Round "5"]
[White "Schut, Donna"]
[Black "Georgiadis, Ioannis"]
[Result "0-1"]
[WhiteElo "2080"]
[BlackElo "2457"]
[PlyCount "62"]
[EventDate "2010.07.13"]
[EventType "swiss"]
[EventRounds "9"]
[EventCountry "GRE"]
[SourceTitle "CBM 137 Extra"]
[Source "ChessBase"]
[SourceDate "2010.09.01"]
[SourceVersion "1"]
[SourceVersionDate "2010.09.01"]
[SourceQuality "1"]

1. e4 c5 2. Nf3 d6 3. d4 cxd4 4. Nxd4 Nf6 5. Nc3 a6 6. Be3 e5 7. Nf3 Be7 8. Bc4 0-0 9. 0-0 Be6 10. Bxe6 fxe6 11. Na4 Nfd7 12. c4 Nc6 13. Qb3 Na5 14. Qd3 Qc7 15. Rac1 Nc5 16. Qc2 Nc6 17. Nc3 Nb4 18. Qb1 Ncd3 19. Rcd1 Nf4 20. a3 Nc6 21. Rd2 Na5 22. Na4 Nb3 23. Rc2 Qc6 24. Nb6 Rad8 25. Qa2 Nc5 26. Bxc5 dxc5 27. Qb3 Rd3 28. Rc3 Ne2+ 29. Kh1 Nxc3 30. bxc3 Qxe4 31. Re1 Qf4 0-1

[Event "Illes Medes op 3rd"]
[Site "L'Estartit"]
[Date "2008.12.31"]
[Round "6"]
[White "Vallbona Domingo, Joan"]
[Black "Schut, Donna"]
[Result "0-1"]
[WhiteElo "1988"]
[BlackElo "2052"]
[PlyCount "34"]
[EventDate "2008.12.27"]
[EventType "swiss"]
[EventRounds "9"]
[EventCountry "ESP"]
[SourceTitle "CBM 128 Extra"]
[Source "ChessBase"]
[SourceDate "2009.03.05"]
[SourceVersion "2"]
[SourceVersionDate "2009.03.25"]
[SourceQuality "1"]

1. d4 d5 2. Nf3 Nf6 3. c4 c6 4. Nc3 e6 5. e3 Nbd7 6. Bd3 Bd6 7. b3 e5 8. cxd5 Bb4 9. Bd2 Bxc3 10. Bxc3 e4 11. dxc6 bxc6 12. Ne5 exd3 13. Nxd3 0-0 14. 0-0 a5 15. Qf3 Ba6 16. Rfd1 Bxd3 17. Rxd3 Ne5 0-1

[Event "EU-ch U16 Girls 18th"]
[Site "Herceg Novi"]
[Date "2008.09.24"]
[Round "9"]
[White "Schut, Donna"]
[Black "Abdulla, Khayala Mardan Qizi"]
[Result "0-1"]
[WhiteElo "2069"]
[BlackElo "2029"]
[PlyCount "154"]
[EventDate "2008.09.15"]
[EventType "swiss"]
[EventRounds "9"]
[EventCountry "MNE"]
[SourceTitle "CBM 126 Extra"]
[Source "ChessBase"]
[SourceDate "2008.11.05"]
[SourceVersion "1"]
[SourceVersionDate "2008.11.05"]
[SourceQuality "1"]

1. e4 c5 2. Nf3 e6 3. d4 cxd4 4. Nxd4 a6 5. Bd3 Nf6 6. 0-0 Qc7 7. Nc3 Nc6 8. Be3 Ne5 9. h3 Bc5 10. Kh1 d6 11. f4 Ng6 12. Qe1 0-0 13. f5 e5 14. fxg6 exd4 15. e5 dxe5 16. Rxf6 hxg6 17. Ne4 dxe3 18. Rxg6 fxg6 19. Bc4+ Rf7 20. Ng5 Be7 21. Bxf7+ Kf8 22. Ne6+ Bxe6 23. Bxe6 Qb6 24. Bb3 Rc8 25. Qe2 Rc6 26. Qf3+ Bf6 27. Qd5 Qc7 28. Rd1 Rd6 29. Qg8+ Ke7 30. Re1 Qc5 31. c3 Kd7 32. Qf7+ Kc8 33. Qxg6 Kb8 34. Qg3 Rd3 35. Be6 Qe7 36. Bf5 Bh4 37. Qf3 Bxe1 38. Bxd3 Bf2 39. Qd5 Qc7 40. Be2 Ka7 41. Bf3 Qe7 42. Qe4 Qc7 43. c4 Qe7 44. a3 Qc7 45. b4 Qd7 46. a4 Qc6 47. Qxe5 Qxc4 48. Kh2 Qxb4 49. a5 e2 50. Qxe2 Qf4+ 51. Kh1 Qc1+ 52. Qd1 Qxd1+ 53. Bxd1 Be1 54. Kg1 Bxa5 55. Kf1 Kb6 56. Ke2 Kc5 57. Kd3 b5 58. Bf3 Bd8 59. Kc3 a5 60. Kb3 Be7 61. Bd1 Kd4 62. Be2 a4+ 63. Kb2 Kc5 64. Ka2 b4 65. Bd1 b3+ 66. Bxb3 axb3+ 67. Kxb3 Kd4 68. g4 Ke4 69. Kc4 Kf4 70. Kd5 Kg3 71. Ke6 Bf6 72. Kf5 Kxh3 73. g5 Bc3 74. Kf4 Kh4 75. Kf5 Kh5 76. Kf4 Bd2+ 77. Kg3 Kxg5 0-1

[Event "EU-ch U16 Girls 18th"]
[Site "Herceg Novi"]
[Date "2008.09.23"]
[Round "8"]
[White "Adamowicz, Katarzyna"]
[Black "Schut, Donna"]
[Result "1-0"]
[WhiteElo "2063"]
[BlackElo "2069"]
[PlyCount "111"]
[EventDate "2008.09.15"]
[EventType "swiss"]
[EventRounds "9"]
[EventCountry "MNE"]
[SourceTitle "CBM 126 Extra"]
[Source "ChessBase"]
[SourceDate "2008.11.05"]
[SourceVersion "1"]
[SourceVersionDate "2008.11.05"]
[SourceQuality "1"]

1. e4 e6 2. d4 d5 3. Nc3 Nf6 4. e5 Nfd7 5. Nf3 c5 6. dxc5 Nc6 7. Bf4 Bxc5 8. Bd3 Qb6 9. 0-0 Be7 10. Qe2 a6 11. a3 h6 12. h3 g5 13. Bg3 h5 14. Rab1 Nc5 15. Rfe1 Bd7 16. b4 Nxd3 17. cxd3 Nd4 18. Qe3 Nxf3+ 19. Qxf3 Rc8 20. Rbc1 a5 21. b5 Bxa3 22. Qf6 Rg8 23. Nxd5 Qd8 24. Rxc8 Bxc8 25. Qxd8+ Kxd8 26. Nf6 Rh8 27. b6 Bd7 28. h4 Bc6 29. d4 Ke7 30. hxg5 h4 31. Bf4 Bb2 32. d5 Bxd5 33. Bc1 Bxc1 34. Rxc1 Bc6 35. Rc5 h3 36. f3 a4 37. Ra5 hxg2 38. Kxg2 Rd8 39. Kf2 Kf8 40. Ke3 Kg7 41. f4 Kg6 42. Ne4 Rh8 43. Nd6 Rh3+ 44. Ke2 Rf3 45. Rxa4 Rb3 46. Ra8 Rxb6 47. Rg8+ Kh7 48. Rf8 Kg6 49. Rxf7 Bd5 50. Rf6+ Kg7 51. Ne8+ Kg8 52. g6 Rb2+ 53. Ke3 Rg2 54. g7 b5 55. Rf8+ Kh7 56. Rh8+ 1-0

[Event "EU-ch U16 Girls 18th"]
[Site "Herceg Novi"]
[Date "2008.09.22"]
[Round "7"]
[White "Schut, Donna"]
[Black "Tsatsalashvili, Ketevan"]
[Result "1-0"]
[WhiteElo "2069"]
[BlackElo "2271"]
[PlyCount "153"]
[EventDate "2008.09.15"]
[EventType "swiss"]
[EventRounds "9"]
[EventCountry "MNE"]
[SourceTitle "CBM 126 Extra"]
[Source "ChessBase"]
[SourceDate "2008.11.05"]
[SourceVersion "1"]
[SourceVersionDate "2008.11.05"]
[SourceQuality "1"]

1. e4 c5 2. Nf3 d6 3. d4 cxd4 4. Nxd4 Nf6 5. f3 e5 6. Nb3 d5 7. Bg5 Be6 8. Bxf6 gxf6 9. exd5 Qxd5 10. Qxd5 Bxd5 11. Nc3 Be6 12. 0-0-0 a6 13. Nd5 Bxd5 14. Rxd5 Nc6 15. c3 Rc8 16. Kb1 h5 17. g3 Rd8 18. Rxd8+ Nxd8 19. Bd3 Bd6 20. Nd2 Ke7 21. Ne4 Bc7 22. Rd1 Rg8 23. Bc2 Ne6 24. Rd7+ Kxd7 25. Nxf6+ Kd6 26. Nxg8 Ng5 27. Be4 f5 28. Bxb7 e4 29. fxe4 fxe4 30. Nf6 Ke5 31. Nxh5 Nf3 32. h4 a5 33. Kc2 Ne1+ 34. Kd2 Nf3+ 35. Ke2 Ng1+ 36. Kd1 Bb6 37. Ke1 Nf3+ 38. Kf1 a4 39. Nf4 a3 40. bxa3 Ba5 41. h5 Bxc3 42. h6 Kf5 43. Bd5 Kg5 44. h7 Kh6 45. Ke2 Nd4+ 46. Ke3 Nf5+ 47. Kxe4 Nxg3+ 48. Kf3 Nf5 49. Be4 Nd6 50. Bc2 Kg7 51. a4 Nb7 52. Ke3 Bb2 53. Ne6+ Kh8 54. Bg6 Ba1 55. Kd3 Na5 56. Ke4 Nc4 57. Kf4 Bc3 58. Bd3 Na5 59. Kg5 Nc6 60. Be4 Na5 61. Kh6 Nc4 62. Ng5 Ne5 63. Kh5 Kg7 64. Ne6+ Kh8 65. Nd8 Kg7 66. Nb7 Nd7 67. Kg5 Nf6 68. Kf4 Nd7 69. a5 Nb8 70. Bd3 Nc6 71. a6 Bd4 72. Ke4 Bg1 73. a3 Ne7 74. Ke5 Nc8 75. Kd5 Be3 76. Nd6 Na7 77. Nf5+ 1-0

[Event "EU-ch U16 Girls 18th"]
[Site "Herceg Novi"]
[Date "2008.09.19"]
[Round "5"]
[White "Schut, Donna"]
[Black "Kolaric, Spela"]
[Result "1-0"]
[WhiteElo "2069"]
[BlackElo "1890"]
[PlyCount "77"]
[EventDate "2008.09.15"]
[EventType "swiss"]
[EventRounds "9"]
[EventCountry "MNE"]
[SourceTitle "CBM 126 Extra"]
[Source "ChessBase"]
[SourceDate "2008.11.05"]
[SourceVersion "1"]
[SourceVersionDate "2008.11.05"]
[SourceQuality "1"]

1. e4 c5 2. Nf3 e6 3. d4 cxd4 4. Nxd4 a6 5. Nc3 b5 6. Bd3 d6 7. 0-0 Nf6 8. a4 b4 9. Na2 e5 10. Nf3 Nc6 11. c3 Rb8 12. Bd2 bxc3 13. Bxc3 Be7 14. b4 0-0 15. Qe2 Ra8 16. b5 axb5 17. axb5 Na5 18. Rfb1 Be6 19. Nb4 Rc8 20. Qe1 Qc7 21. Nd5 Nxd5 22. Bxa5 Nb6 23. Qe3 Nc4 24. Bxc7 Nxe3 25. b6 Ng4 26. Ba6 Nf6 27. Bxc8 Bxc8 28. b7 Bxb7 29. Rxb7 Nxe4 30. Rb8 Rxb8 31. Bxb8 f5 32. Ra7 Kf8 33. Kf1 h6 34. Bc7 Nc5 35. Ba5 g5 36. Ke2 Ne6 37. Bb4 g4 38. Nxe5 Nf4+ 39. Kf1 1-0

[Event "Vlissingen HZ op 12th"]
[Site "Vlissingen"]
[Date "2008.08.04"]
[Round "4"]
[White "Schut, Donna"]
[Black "Zelbel, Patrick"]
[Result "1/2-1/2"]
[WhiteElo "2069"]
[BlackElo "2286"]
[PlyCount "114"]
[EventDate "2008.08.02"]
[EventType "swiss"]
[EventRounds "9"]
[EventCountry "NED"]
[SourceTitle "CBM 125 Extra"]
[Source "ChessBase"]
[SourceDate "2008.09.01"]
[SourceVersion "1"]
[SourceVersionDate "2008.09.01"]
[SourceQuality "1"]

1. e4 c5 2. Nf3 Nc6 3. d4 cxd4 4. Nxd4 Nf6 5. Nc3 e5 6. Ndb5 d6 7. Bg5 a6 8. Na3 b5 9. Bxf6 gxf6 10. Nd5 Bg7 11. c3 f5 12. exf5 Bxf5 13. Nc2 0-0 14. Nce3 Be6 15. Bd3 f5 16. 0-0 Kh8 17. Qh5 e4 18. Bc2 Ne7 19. Rfd1 Rc8 20. Nxe7 Qxe7 21. Nd5 Bxd5 22. Rxd5 Be5 23. a3 Qg7 24. Rad1 Rf6 25. g3 Rcf8 26. R1d2 Rh6 27. Qe2 f4 28. Rxe5 Qxe5 29. Qxe4 Qh5 30. Qd4+ Rff6 31. h4 fxg3 32. fxg3 Qe8 33. Be4 Qg8 34. Kh2 Qg7 35. Bd5 Rf1 36. Qb6 Rf8 37. Re2 Rhf6 38. Kg2 Rg6 39. Qe3 Qf6 40. Kh2 Rg7 41. Qd2 Qg6 42. Qe3 Qh5 43. Qd3 Qh6 44. Qd4 Qg6 45. Qe3 Qf6 46. Qd2 Re7 47. Rxe7 Qxe7 48. Kg2 Qe5 49. Kh2 Rf5 50. Bg2 Kg7 51. Qd1 Qf6 52. Qg4+ Qg6 53. Qd4+ Re5 54. Qa7+ Kh6 55. Qf2 Re8 56. Qf4+ Kg7 57. Qd4+ Re5 1/2-1/2

[Event "NED-ch U17 Girls"]
[Site "Venlo"]
[Date "2008.05.02"]
[Round "8"]
[White "Schut, Donna"]
[Black "Gunther, Marcella"]
[Result "0-1"]
[WhiteElo "2052"]
[BlackElo "1628"]
[PlyCount "130"]
[EventDate "2008.04.25"]
[EventType "swiss"]
[EventRounds "9"]
[EventCountry "NED"]
[SourceTitle "CBM 123 Extra"]
[Source "ChessBase"]
[SourceDate "2008.05.06"]
[SourceVersion "1"]
[SourceVersionDate "2008.05.06"]
[SourceQuality "1"]

1. e4 e5 2. Nf3 Nc6 3. Bc4 Bc5 4. b4 Bxb4 5. c3 Ba5 6. d4 exd4 7. 0-0 Nge7 8. Ng5 d5 9. exd5 Nxd5 10. Nxf7 Kxf7 11. Qh5+ g6 12. Bxd5+ Be6 13. Bxe6+ Kxe6 14. Re1+ Kf7 15. Qh3 Qc8 16. g4 h5 17. Re4 hxg4 18. Qg3 Rh3 19. Qg2 Rd3 20. Qf1 Rf3 21. cxd4 Qf5 22. Qc4+ Kg7 23. d5 Rxf2 24. Be3 Rf1+ 25. Qxf1 Qxe4 26. Qe2 Bb6 27. Qb2+ Bd4 28. Bxd4+ Qxd4+ 29. Qxd4+ Nxd4 30. Nc3 Rh8 31. Kg2 Rh3 32. Ne4 Re3 33. Nf2 Re5 34. Rc1 c6 35. dxc6 Nxc6 36. Rb1 b6 37. Rc1 Rc5 38. Rd1 Ne5 39. Rd2 Ra5 40. Kg3 Kf7 41. Kf4 g5+ 42. Kg3 Ra3+ 43. Kg2 Nf3 44. Re2 Nh4+ 45. Kh1 Rc3 46. Re1 Rc2 47. Nxg4 Rxa2 48. Rf1+ Ke6 49. Nf2 Re2 50. h3 a5 51. Ng4 Rb2 52. Re1+ Kd6 53. Ne5 Kd5 54. Ng4 Kd4 55. Rd1+ Kc3 56. Rc1+ Kb3 57. Rc6 Ka2 58. Kg1 a4 59. Ne5 b5 60. Nd3 Rb1+ 61. Kf2 b4 62. Rc2+ Kb3 63. Rd2 Kc3 64. Ke2 a3 65. Ne5 Rb2 0-1

[Event "NED-ch U17 Girls"]
[Site "Venlo"]
[Date "2008.05.01"]
[Round "7"]
[White "Gorter, Eva"]
[Black "Schut, Donna"]
[Result "1/2-1/2"]
[WhiteElo "1716"]
[BlackElo "2052"]
[PlyCount "164"]
[EventDate "2008.04.25"]
[EventType "swiss"]
[EventRounds "9"]
[EventCountry "NED"]
[SourceTitle "CBM 123 Extra"]
[Source "ChessBase"]
[SourceDate "2008.05.06"]
[SourceVersion "1"]
[SourceVersionDate "2008.05.06"]
[SourceQuality "1"]

1. e4 e6 2. d4 d5 3. Nd2 Nf6 4. e5 Nfd7 5. c3 c5 6. f4 Nc6 7. Ndf3 cxd4 8. cxd4 f5 9. Bd3 Be7 10. Ne2 Nb6 11. a3 Bd7 12. Nc3 Rc8 13. h4 0-0 14. g4 fxg4 15. Ng5 h6 16. Bh7+ Kh8 17. Bg6 Kg8 18. Qd3 Rf5 19. Bh7+ Kf8 20. Nxe6+ Bxe6 21. Bxf5 Bxf5 22. Qxf5+ Kg8 23. Ne2 Na5 24. Qxg4 Nb3 25. Rb1 Qc7 26. 0-0 Qc2 27. Be3 Rc6 28. h5 Nc4 29. Bf2 Ncd2 30. Rbc1 Nxc1 31. Rxc1 Qe4 32. Rc3 Qb1+ 33. Kh2 Qf1 34. Bg1 Rxc3 35. Nxc3 Nf3+ 36. Kh1 Nxg1 37. Qxg1 Qh3+ 38. Qh2 Qf1+ 39. Qg1 Qf3+ 40. Qg2 Qxf4 41. Qxd5+ Kh8 42. Qxb7 Qf1+ 43. Kh2 Bg5 44. Qa8+ Kh7 45. Qe4+ Kh8 46. Ne2 Qf2+ 47. Kh3 Qf7 48. Kg4 Qe6+ 49. Kg3 Qb3+ 50. Kg4 Qe6+ 51. Qf5 Qc4 52. Qf3 Qe6+ 53. Kg3 Qe8 54. Nf4 Bxf4+ 55. Kxf4 Qf7+ 56. Kg3 Qe7 57. Qf5 Qb7 58. e6 Qb3+ 59. Kg4 Qd1+ 60. Kg3 Qxd4 61. Qf8+ Kh7 62. e7 Qe3+ 63. Kg4 Qe2+ 64. Kf4 Qh2+ 65. Ke4 Qe2+ 66. Kf4 Qh2+ 67. Ke3 Qe5+ 68. Kd3 Qd5+ 69. Kc3 Qc5+ 70. Kb3 Qb5+ 71. Kc2 Qc4+ 72. Kd2 Qd4+ 73. Ke1 Qe3+ 74. Kf1 Qc1+ 75. Ke2 Qxb2+ 76. Kf1 Qb5+ 77. Kf2 Qc5+ 78. Kg2 Qg5+ 79. Kf2 Qd2+ 80. Kf3 Qd5+ 81. Kg4 Qe4+ 82. Kg3 Qe3+ 1/2-1/2

[Event "NED-ch U17 Girls"]
[Site "Venlo"]
[Date "2008.04.28"]
[Round "5"]
[White "De Cloet, Jeanine"]
[Black "Schut, Donna"]
[Result "0-1"]
[WhiteElo "1794"]
[BlackElo "2052"]
[PlyCount "70"]
[EventDate "2008.04.25"]
[EventType "swiss"]
[EventRounds "9"]
[EventCountry "NED"]
[SourceTitle "CBM 123 Extra"]
[Source "ChessBase"]
[SourceDate "2008.05.06"]
[SourceVersion "1"]
[SourceVersionDate "2008.05.06"]
[SourceQuality "1"]

1. e4 e6 2. d4 d5 3. Nc3 Nf6 4. Bg5 Bb4 5. e5 h6 6. Bd2 Bxc3 7. bxc3 Ne4 8. Qg4 g6 9. Bd3 Nxd2 10. Kxd2 c5 11. h4 Bd7 12. Rb1 c4 13. Be2 Bc6 14. h5 g5 15. f4 gxf4 16. Qxf4 Nd7 17. Nh3 Qe7 18. Rhf1 Rh7 19. g4 0-0-0 20. g5 Rf8 21. Rg1 hxg5 22. Nxg5 Rhh8 23. Qg4 a5 24. Qh3 Rfg8 25. Nf3 f6 26. Rxg8+ Rxg8 27. Qh4 Qh7 28. exf6 Qh6+ 29. Ke1 Nxf6 30. Nd2 Be8 31. Qh1 Qe3 32. Qf3 Rg1+ 33. Nf1 Qg5 34. Qh3 Ne4 35. Rd1 Qf4 0-1

[Event "NED-ch U17 Girls"]
[Site "Venlo"]
[Date "2008.04.25"]
[Round "1"]
[White "Schut, Donna"]
[Black "Edens, Maike"]
[Result "0-1"]
[WhiteElo "2052"]
[BlackElo "1691"]
[PlyCount "90"]
[EventDate "2008.04.25"]
[EventType "swiss"]
[EventRounds "9"]
[EventCountry "NED"]
[SourceTitle "CBM 123 Extra"]
[Source "ChessBase"]
[SourceDate "2008.05.06"]
[SourceVersion "1"]
[SourceVersionDate "2008.05.06"]
[SourceQuality "1"]

1. e4 c5 2. Nf3 e6 3. c4 Nc6 4. Nc3 d6 5. d4 cxd4 6. Nxd4 a6 7. Be3 Nf6 8. Nb3 Be7 9. Be2 b6 10. 0-0 Bb7 11. Rc1 0-0 12. f4 Rc8 13. h3 Nd7 14. Qe1 Nc5 15. Nd2 Bf6 16. Qf2 Ne7 17. Rfd1 Qc7 18. Rc2 Ng6 19. Bf3 Nd3 20. Qf1 Nc5 21. Nb3 Nh4 22. Qf2 Nxf3+ 23. gxf3 Qe7 24. Rcd2 Rfd8 25. Nd4 Bh4 26. Qf1 Bf6 27. Rg2 Nd7 28. Kh2 Nf8 29. Qd3 Ng6 30. Rdg1 Qc7 31. b3 e5 32. Nf5 exf4 33. Bd4 Be5 34. h4 h5 35. Rg5 b5 36. Ne2 bxc4 37. bxc4 Qxc4 38. Qd2 Qc2 39. Qxc2 Rxc2 40. R1g2 Bxe4 41. Bxe5 dxe5 42. Nxf4 Rxg2+ 43. Nxg2 Bxf3 44. Kg3 Be4 45. Nfe3 Rd2 0-1

[Event "Cappelle op 24th"]
[Site "Cappelle la Grande"]
[Date "2008.02.16"]
[Round "1"]
[White "Chapman, Terry PD"]
[Black "Schut, Donna"]
[Result "1-0"]
[WhiteElo "2219"]
[BlackElo "2021"]
[PlyCount "53"]
[EventDate "2008.02.16"]
[EventType "swiss"]
[EventRounds "9"]
[EventCountry "FRA"]
[SourceTitle "CBM 122 Extra"]
[Source "ChessBase"]
[SourceDate "2008.03.04"]
[SourceVersion "1"]
[SourceVersionDate "2008.03.04"]
[SourceQuality "1"]

1. Nf3 d5 2. c4 c6 3. cxd5 cxd5 4. d4 Nf6 5. Nc3 Nc6 6. Bf4 Bf5 7. Qb3 Na5 8. Qa4+ Bd7 9. Qc2 Rc8 10. e3 e6 11. Bd3 Nc4 12. 0-0 Bb4 13. a3 Ba5 14. Rfc1 0-0 15. Ne5 h6 16. Qe2 Bc7 17. b3 Nd6 18. Qf3 Bb8 19. Rc2 Qb6 20. Bxh6 Qxb3 21. Rac1 Nde8 22. Bxg7 Kxg7 23. Qg3+ Kh8 24. Qh4+ Kg7 25. Qg5+ Kh8 26. Qh6+ Kg8 27. Nxd7 1-0

[Event "Hoogeveen Essent op"]
[Site "Hoogeveen"]
[Date "2007.10.13"]
[Round "2"]
[White "Schut, Donna"]
[Black "Willemze, Thomas"]
[Result "1/2-1/2"]
[WhiteElo "1999"]
[BlackElo "2417"]
[PlyCount "140"]
[EventDate "2007.10.12"]
[EventType "swiss"]
[EventRounds "9"]
[EventCountry "NED"]
[SourceTitle "CBM 120 Extra"]
[Source "ChessBase"]
[SourceDate "2007.11.01"]
[SourceVersion "1"]
[SourceVersionDate "2007.11.01"]
[SourceQuality "1"]

1. e4 c6 2. d4 d5 3. exd5 cxd5 4. c4 Nf6 5. Nc3 e6 6. Nf3 Bb4 7. cxd5 Nxd5 8. Qc2 0-0 9. Bd3 h6 10. 0-0 Nc6 11. a3 Be7 12. Be3 a6 13. Rad1 Nxc3 14. Qxc3 Re8 15. Be4 Bf6 16. Bxc6 bxc6 17. Qxc6 Rb8 18. Ne5 Rxb2 19. Ng4 Be7 20. d5 exd5 21. Nxh6+ Kf8 22. Rxd5 Bb7 23. Rf5 Bf6 24. Bc5+ Re7 25. Qd6 Qxd6 26. Bxd6 Rb6 27. Bxe7+ Kxe7 28. Ng4 Bc3 29. Rc5 Rb3 30. Rc1 Bd2 31. Rd1 Bf4 32. Rc4 g5 33. Rcd4 Bc8 34. Re1+ Be6 35. g3 Bd6 36. a4 Bb4 37. Re3 Rb1+ 38. Kg2 Bc5 39. Rxe6+ fxe6 40. Rc4 Kd6 41. Nf6 Bb4 42. h4 gxh4 43. gxh4 Ke5 44. Ng4+ Kf5 45. Ne3+ Kf6 46. Kf3 a5 47. Rg4 Ra1 48. h5 Rh1 49. Nc2 Bc3 50. Rc4 Rxh5 51. Kg4 Rg5+ 52. Kf3 Bd2 53. Ke2 Bc1 54. Ne3 Ba3 55. Kd3 Rg1 56. Rf4+ Ke7 57. Nc2 Bd6 58. Re4 Kf6 59. Nd4 e5 60. Nc6 Bc7 61. Na7 Rd1+ 62. Kc2 Rf1 63. Rc4 Rxf2+ 64. Kd3 Bd8 65. Rc8 Be7 66. Nc6 Bd6 67. Nxa5 Ra2 68. Nc4 Bb4 69. a5 Kf5 70. Re8 Kf4 1/2-1/2

[Event "Twente Young Master op-B"]
[Site "Twente"]
[Date "2007.08.07"]
[Round "2"]
[White "Goossens, Hanne"]
[Black "Schut, Donna"]
[Result "0-1"]
[WhiteElo "1788"]
[BlackElo "1973"]
[PlyCount "82"]
[EventDate "2007.08.06"]
[EventType "swiss"]
[EventRounds "9"]
[EventCountry "NED"]
[SourceTitle "EXT 2008"]
[Source "ChessBase"]
[SourceDate "2007.11.25"]
[SourceVersion "1"]
[SourceVersionDate "2007.11.25"]
[SourceQuality "1"]

1. e4 e6 2. d4 d5 3. exd5 exd5 4. Bd3 Nc6 5. c3 Bd6 6. Qf3 h6 7. Ne2 Nf6 8. h3 Be6 9. Bf4 Qd7 10. Nd2 0-0-0 11. 0-0-0 Na5 12. Bxd6 cxd6 13. b3 Kb8 14. Nf4 Rc8 15. Kb2 Qc7 16. Rc1 Rhe8 17. Rhe1 Qb6 18. Nxe6 fxe6 19. Qg3 Qc7 20. f4 Nc6 21. Bg6 Re7 22. Nf3 Nd7 23. Bb1 e5 24. fxe5 dxe5 25. dxe5 Ncxe5 26. Nxe5 Nxe5 27. Qf2 Rce8 28. Rcd1 Qa5 29. Qd2 a6 30. Qf4 Ka8 31. Qd2 d4 32. cxd4 Nd3+ 33. Qxd3 Rxe1 34. Rxe1 Qxe1 35. Bc2 Qe2 36. Qg6 Rc8 37. h4 Qd2 38. Qe4 Qc3+ 39. Kb1 Rf8 40. Qe2 Qxd4 41. h5 Rf2 0-1

[Event "Twente Young Master op-B"]
[Site "Twente"]
[Date "2007.08.07"]
[Round "3"]
[White "Schut, Donna"]
[Black "Gijsen, Stief"]
[Result "1-0"]
[WhiteElo "1973"]
[BlackElo "1889"]
[PlyCount "65"]
[EventDate "2007.08.06"]
[EventType "swiss"]
[EventRounds "9"]
[EventCountry "NED"]
[SourceTitle "EXT 2008"]
[Source "ChessBase"]
[SourceDate "2007.11.25"]
[SourceVersion "1"]
[SourceVersionDate "2007.11.25"]
[SourceQuality "1"]

1. e4 c5 2. Nf3 d6 3. d4 cxd4 4. Nxd4 Nf6 5. f3 Nc6 6. c4 Nxd4 7. Qxd4 e6 8. Nc3 Be7 9. Be3 0-0 10. Be2 a6 11. 0-0 Bd7 12. Rac1 Rc8 13. Rfd1 Qc7 14. Qd2 Rfd8 15. Bf1 Qb8 16. Bb6 Re8 17. b3 Bc6 18. Qf2 Nd7 19. Ba7 Qa8 20. b4 b6 21. Bxb6 Nxb6 22. Qxb6 Bd8 23. Qf2 Qb8 24. Qb2 Bb6+ 25. Kh1 f5 26. exf5 exf5 27. Qb3 Kh8 28. Bd3 Re3 29. Bxf5 Rf8 30. Be4 Qe8 31. Qc2 Rf6 32. Bxc6 Qxc6 33. Nd5 1-0

[Event "Charleroi op"]
[Site "Charleroi"]
[Date "2007.07.30"]
[Round "3"]
[White "Schut, Donna"]
[Black "Henris, Luc"]
[Result "0-1"]
[WhiteElo "2030"]
[BlackElo "2294"]
[PlyCount "38"]
[EventDate "2007.07.28"]
[EventType "swiss"]
[EventRounds "5"]
[EventCountry "BEL"]
[SourceTitle "EXT 2008"]
[Source "ChessBase"]
[SourceDate "2007.11.25"]
[SourceVersion "1"]
[SourceVersionDate "2007.11.25"]
[SourceQuality "1"]

1. e4 e5 2. Nf3 d6 3. d4 exd4 4. Nxd4 Nf6 5. Nc3 Be7 6. Bf4 0-0 7. Qd2 d5 8. Ndb5 c6 9. Nc7 g5 10. Be5 Nbd7 11. Bxf6 Nxf6 12. Nxa8 d4 13. Ne2 Nxe4 14. Qxd4 Qa5+ 15. c3 Bf5 16. b4 Qa3 17. f3 Nxc3 18. Qc4 Bxb4 19. Qb3 Nxa2+ 0-1

[Event "NED-ch (Women)"]
[Site "Hilversum"]
[Date "2007.06.27"]
[Round "8"]
[White "Van Nies, Pauline"]
[Black "Schut, Donna"]
[Result "1-0"]
[WhiteElo "2174"]
[BlackElo "2026"]
[PlyCount "41"]
[EventDate "2007.06.18"]
[EventType "tourn"]
[EventRounds "9"]
[EventCountry "NED"]
[SourceTitle "CBM 119 Extra"]
[Source "ChessBase"]
[SourceDate "2007.09.04"]
[SourceVersion "1"]
[SourceVersionDate "2007.09.04"]
[SourceQuality "1"]

1. e4 e6 2. d4 d5 3. Nd2 Nf6 4. e5 Nfd7 5. c3 c5 6. f4 Nc6 7. Ndf3 Qb6 8. a3 Be7 9. h4 cxd4 10. cxd4 f6 11. Bd3 0-0 12. Ne2 fxe5 13. fxe5 Kh8 14. Bb1 Ndxe5 15. dxe5 Nxe5 16. Nxe5 Qf2+ 17. Kd2 d4 18. Qg1 Qf6 19. Ng4 Qf7 20. Bd3 Qh5 21. Qxd4 1-0

[Event "NED-ch (Women)"]
[Site "Hilversum"]
[Date "2007.06.21"]
[Round "3"]
[White "Peng, Zhaoqin"]
[Black "Schut, Donna"]
[Result "1-0"]
[WhiteElo "2439"]
[BlackElo "2026"]
[PlyCount "83"]
[EventDate "2007.06.18"]
[EventType "tourn"]
[EventRounds "9"]
[EventCountry "NED"]
[SourceTitle "CBM 119 Extra"]
[Source "ChessBase"]
[SourceDate "2007.09.04"]
[SourceVersion "1"]
[SourceVersionDate "2007.09.04"]
[SourceQuality "1"]

1. e4 e6 2. d4 d5 3. Nd2 Nf6 4. e5 Nfd7 5. Bd3 c5 6. c3 Nc6 7. Ne2 cxd4 8. cxd4 f6 9. exf6 Nxf6 10. 0-0 Bd6 11. Nf3 0-0 12. Bf4 Bxf4 13. Nxf4 Ne4 14. Qc1 Qf6 15. Ne2 Bd7 16. Qe3 Be8 17. Bxe4 dxe4 18. Ng5 Bh5 19. Nxe4 Qg6 20. N2g3 Bg4 21. Nc5 b6 22. Nd3 h5 23. Rac1 Rac8 24. Rxc6 Rxc6 25. Ne5 Qe8 26. Nxc6 Qxc6 27. h3 Bf5 28. Nxh5 Be4 29. Rc1 Qd5 30. Nf4 Qf5 31. Ne2 Qg6 32. Ng3 Bd5 33. a3 Rf7 34. b4 Kh7 35. Kh2 a5 36. f3 axb4 37. axb4 Ra7 38. Ne4 Ra8 39. Ng5+ Kg8 40. Rc7 Kf8 41. Qe5 Kg8 42. Re7 1-0